Music Quiz

Random Music or Artist Quiz

First Five: Music Quiz Stats

 Plays Quiz Updated Jun 10, 2017

Support Sporcle.
Go Orange.
Score 0/30 Timer 06:00
0 Plays Today
% Correct
5
84.9%
8
84.2%
6
84.2%
3
84.2%
7
84.2%
The
75.8%
Is
68.7%
This
68.2%
Real
67.9%
Life?
67.2%
Billie Jean
65%
Help!
56.8%
Eminem (2000)
56.2%
Beat It
55.7%
Jay-Z (1999)
40.7%
% Correct
With The Beatles
38.1%
A Hard Day's Night
35.1%
Please Please Me
29.9%
Ben
29.5%
A Whole New World
28.5%
Beauty and the Beast
26.3%
Under the Sea
20.1%
Beatles for Sale
19.1%
Rock with You
17.9%
Puff Daddy and the Family (1998)
17.7%
Don't Stop 'Til You Get Enough
17.4%
Colors of the Wind
16.4%
Fugees (1997)
5.2%
Naughty by Nature (1996)
3.3%
When She Loved Me
2%

You're not logged in!

Compare scores with friends on all Sporcle quizzes.
OR
Log In
Forgot?

From the Vault

War Movies

by Derek

We don't mean to trivialize war...ok we do, but not in a bad way.
Remove Ads.
Support Sporcle.
Get the best of Sporcle when you Go Orange. This ad-free experience offers more features, more stats, and more fun while also helping to support Sporcle. Thank you for becoming a member.

Show Comments

Extras

Top Quizzes Today


Score Distribution

Your Account Isn't Verified!

In order to create a playlist on Sporcle, you need to verify the email address you used during registration. Go to your Sporcle Settings to finish the process.

Report this User

Report this user for behavior that violates our Community Guidelines.

Details: